000 00664nac a22002051u 4500
020 _a0852975406
082 _a332
_bGOA
090 _c9399
_d9399
100 _aGoacher, David J.
245 _aThe monetary and financial system /
_cDavid Goacher
250 _a4th ed.
260 _aCanterbury :
_b CIB Publishing,1999
_c1999
300 _avi, 448 p. ;
_c25 cm.
500 _aIncludes index
650 _aMoney market
650 _aFinance
710 _aInstitute of Financial Services (Great Britain)
942 _cBB
_k332GOA
999 _c9399
_d9399